000 00698cab a2200241 4500
001 WB3502-08
008 090401t1999 xxu||||| |||| 00| 0 eng d
035 _a(Sirsi) u90687
041 _aeng
245 _aNot on my doorstep
260 _c1999
350 _a0
490 _aTimes
_v13 January 1999, 31(1)
520 _aDescribes the difficulties facing counties such as Cambridgeshire combining demands for new housing whilst protecting green belt land.
650 _aBROWNFIELD SITES
650 _aCAMBRIDGESHIRE
650 _aGREEN BELT
650 _aHOUSEHOLD PROJECTIONS
650 _aNEW HOMES
690 _aPROPERTY-PROPERTY DEVELOPMENT
942 _n0
948 _c13/01/1999
999 _c57505
_d57505